| 000 | 00826nam a2200205 a 4500 | ||
|---|---|---|---|
| 001 | 2669941 | ||
| 008 | 161101s1974 ||||||||||||||||| || u | ||
| 010 | _a73078547 | ||
| 020 | _a0520024680 | ||
| 050 | _aHD6515.M72 W44 | ||
| 100 | _aLingenfelter, Richard E | ||
| 245 | 1 | 4 |
_aThe hardrock miners; a history of the mining labor movement in the American West, 1863-1893 _c[by] Richard E. Lingenfelter. |
| 260 |
_aBerkeley, _bUniversity of California Press _c1974 |
||
| 300 | _aviii, 278 p. illus. 24 cm. | ||
| 350 | _a12.50 | ||
| 500 | _aBibliography: p. [253]-262. | ||
| 650 | 0 | _aMiners - Labor unions - West (U.S.) - History | |
| 650 | 0 | _aMiners - West (U.S.) - History | |
| 995 |
_FCBU-MAIN LIBRARY (Kitwe) _I12.50 _UAVAILABLE _WNov 1, 2016 _ZMain Library Open Access Collection |
||
| 999 |
_c45371 _d45371 |
||